Japan's export competitiveness in third world markets

שמור ב:
מידע ביבליוגרפי
מחבר ראשי: Hadley, Eleanor M.
פורמט: ספר
שפה:Undetermined
יצא לאור: Washington, D.C. Georgetown University 1981
נושאים:
תגים: הוספת תג
אין תגיות, היה/י הראשונ/ה לתייג את הרשומה!
Thư viện lưu trữ: Trung tâm Học liệu Trường Đại học Cần Thơ
LEADER 00533nam a2200181Ia 4500
001 CTU_79334
008 210402s9999 xx 000 0 und d
082 |a 382 
082 |b H131 
100 |a Hadley, Eleanor M. 
245 0 |a Japan's export competitiveness in third world markets 
245 0 |c Eleanor M. Hadley 
260 |a Washington, D.C. 
260 |b Georgetown University 
260 |c 1981 
650 |a Developing countries,Industrial policy 
650 |z Japan 
980 |a Trung tâm Học liệu Trường Đại học Cần Thơ